|
|
|
|
| LEADER |
02300nam a2200505 a 4500 |
| 001 |
nkc20112233644 |
| 003 |
CZ PrNK |
| 005 |
20120306075850.0 |
| 007 |
ta |
| 008 |
111223s2011 xr a f m 000 0 cze |
| 015 |
|
|
|a cnb002233644
|
| 020 |
|
|
|a 978-80-248-2482-6
|q (brož.) :
|c neprodejné
|
| 035 |
|
|
|a (OCoLC)776503542
|
| 040 |
|
|
|a ABA001
|b cze
|
| 041 |
0 |
|
|a cze
|b eng
|
| 072 |
|
7 |
|a 624
|x Stavební inženýrství
|2 Konspekt
|9 19
|
| 080 |
|
|
|a 624.01-112.5
|2 MRF
|
| 080 |
|
|
|a 624.016-033.37-035.5
|2 MRF
|
| 080 |
|
|
|a (043.3)378.245
|2 MRF
|
| 080 |
|
|
|a (048.3)
|2 MRF
|
| 100 |
1 |
|
|a Daňková, Jana
|7 jx20111223004
|4 dis
|
| 245 |
1 |
0 |
|a Vliv prostředí na účinnost a spolehlivost spřažení v dřevobetonovém konstrukčním prvku :
|b autoreferát k disertační práci /
|c Jana Daňková
|
| 250 |
|
|
|a 1. vyd.
|
| 260 |
|
|
|a Ostrava :
|b Vysoká škola báňská - Technická univerzita,
|c 2011
|
| 300 |
|
|
|a 29 s. :
|b barev. il. ;
|c 21 cm
|
| 490 |
1 |
|
|a Vědecké publikace Fakulty stavební Vysoké školy báňské - Technické univerzity Ostrava. Doktorské disertační, habilitační a inaugurační spisy,
|x 1213-7456
|
| 500 |
|
|
|a Autoreferát disertační práce (Ph.D.)--Vysoká škola báňská - Technická univerzita Ostrava, Fakulta stavební, 2011
|
| 500 |
|
|
|a 26 výt.
|
| 504 |
|
|
|a Obsahuje bibliografii a bibliografické odkazy
|
| 546 |
|
|
|a Souběžné anglické resumé
|
| 650 |
0 |
7 |
|a spřažené konstrukce
|7 ph116262
|2 czenas
|
| 650 |
0 |
7 |
|a dřevobetonové konstrukce
|7 ph677714
|2 czenas
|
| 650 |
0 |
9 |
|a composite construction
|2 eczenas
|
| 650 |
0 |
9 |
|a timber-concrete structures
|2 eczenas
|
| 655 |
|
7 |
|a doktorské disertace
|7 fd186751
|2 czenas
|
| 655 |
|
7 |
|a autoreferáty
|7 fd131857
|2 czenas
|
| 655 |
|
9 |
|a higher doctoral dissertations
|2 eczenas
|
| 655 |
|
9 |
|a autoabstracts
|2 eczenas
|
| 710 |
2 |
|
|a Vysoká škola báňská - Technická univerzita Ostrava.
|b Stavební fakulta
|7 kn20010709394
|
| 810 |
2 |
|
|a Vysoká škola báňská - Technická univerzita Ostrava.
|b Stavební fakulta.
|t Vědecké publikace.
|p Doktorské disertační, habilitační a inaugurační spisy
|0 s
|
| 910 |
2 |
|
|a BOA001
|b 2-1277.627
|
| 990 |
|
|
|a BK
|
| 995 |
|
|
|a 01
|
| 991 |
|
|
|b 201201
|c NOV
|e n
|
| 996 |
6 |
|
|b 2610497453
|c 2-1277.627
|l MZK
|r Sklad / do 1 hodiny
|n 0
|p p.v.
|w 001221782
|u 000010
|a 1
|e BOA001
|j MZK50
|s P
|